Statistiques concernant L'habitat et les lieux d'habitation

Cliquez ici pour prendre le quiz!

Statistiques générales

  • Ce quiz a été pris 100 fois
  • Le résultat moyen est 19 sur 30

Statistiques - réponses

ExpressionMot% Correct
C'est gros comme une 6maison
99%
Faire l' 5 buisonnièreécole
97%
Epater la 7galerie
95%
Trouver un 7 d'ententeterrain
95%
La fée du 5logis
93%
Le maître d' 5hôtel
90%
Ne pas être sorti de l' 7auberge
87%
Faire entrer le loup dans la 8bergerie
87%
Il y a péril en la 7demeure
78%
Entrer comme dans un 6moulin
78%
Casser la 7baraque
77%
Un vieux 6 hantémanoir
75%
La concierge de l' 8immeuble
72%
Dormir sous la 5tente
72%
Donner une fausse 7adresse
69%
Le 6 des papes à Avignonpalais
67%
Pleurer dans les 10chaumières
63%
Le 4 et le couvertgite
62%
Regagner ses 7pénates
62%
Elire 8domicile
61%
Réserver une suite dans un 6palace
59%
Tomber dans le 7 publicdomaine
52%
Etre connu dans le 8quartier
44%
Une 7 avec vue sur la merchambre
43%
Etre propriétaire de son 8logement
38%
Un 8 de banlieuepavillon
30%
Un 8 d'un club de vacancesbungalow
29%
Une 6 à lapinscabane
23%
Un voleur à la 8roulotte
14%
Une 7 de famillepension
9%

Distribution des résultats

Percentile par nombre de réponses

% des personnes avec chaque résultat

Votre développement - résultats

Vous n’avez pas pris ce quiz